| 000 | 00000nam 2200000zi 4500 |
| 001 | 9.870660 |
| 003 | CaOODSP |
| 005 | 20241203113647 |
| 006 | m o d f |
| 007 | cr ||||||||||| |
| 008 | 190327t19891989onc o f00| 0 eng d |
| 040 | |aCaOODSP|beng|erda|cCaOODSP |
| 043 | |an-cn--- |
| 086 | 1 |aEn108-3/1-6E-PDF|zEn108-3/1-6E|zEn40-108-3/1-6E |
| 245 | 00|aCode of practice for used oil management in Canada / |cby Monenco Consultants Ltd. for the Industrial Programs Branch, Environmental Protection, Conservation and Protection, Environment Canada. |
| 264 | 1|a[Ottawa] : |bIndustrial Programs Branch, |c1989. |
| 264 | 4|c©1989 |
| 300 | |a1 online resource (x, 51 pages) |
| 336 | |atext|btxt|2rdacontent |
| 337 | |acomputer|bc|2rdamedia |
| 338 | |aonline resource|bcr|2rdacarrier |
| 490 | 1 |a[Report] ; |vCCME-TS/WM-TRE006E |
| 500 | |aDigitized edition from print [produced by Environment and Climate Change Canada]. |
| 500 | |a"August 1989." |
| 504 | |aIncludes bibliographical references. |
| 520 | |a"This Code of Practice describes environmentally sound options for the handling, storage, collection, transportation, recycling, reuse and disposal of used oils in Canada"--Foreword. |
| 653 | 0|aLubricating oils |
| 692 | 07|2gccst|aPetroleum |
| 692 | 07|2gccst|aWaste |
| 710 | 1 |aCanada. |bEnvironment Canada. |
| 710 | 1 |aCanada. |bEnvironmental Protection Directorate. |bIndustrial Programs Branch. |
| 710 | 2 |aCanadian Council of Ministers of the Environment. |
| 710 | 2 |aMonenco Consultants. |
| 830 | #0|aReport (Canadian Council of Ministers of the Environment)|vCCME-TS/WM-TRE006E|w(CaOODSP)9.512526 |
| 856 | 40|qPDF|s2.47 MB|uhttps://publications.gc.ca/collections/collection_2019/eccc/En108-3-1-6-eng.pdf |